Elimination - Global Subdivisions - Statistics

General Stats
  • This quiz has been taken 13 times
  • The average score is 7 of 15
Answer Stats
Hint Explanation Answer % Correct
I occur in many countries Amazonas Amazonas
57%
I am part of Brazil Bahia, Amazonas Bahia
57%
I am a De Facto country England England
57%
I am part of a Nordic country Gotland Gotland
57%
I contain the capital of my country Lazio, England Lazio
57%
I am on a peninsula in North America Nova Scotia Nova Scotia
57%
I contain a major mountain range Tibet, Washington Tibet
57%
I am located in Europe Zeeland, Hesse, England, Occitanie, Lazio, Gotland Zeeland
57%
My people mainly speak Spanish Jalisco, Artigas, Amazonas (t) Jalisco
43%
I border the Mediterranean Sea Occitanie, Lazio Occitanie
43%
I am in North America Minnesota, Jalisco, Washington Minnesota
29%
I am located on a peninsula Schleswig, Lazio Schleswig
29%
I border the Pacific Ocean Victoria, Washington Victoria
29%
My people speak majority English Washington, England, Minnesota, Nova Scotia Washington
29%
I am the remaining subdivision Artigas Artigas
14%
No matching quizzes found
Score Distribution
Percent of People with Each Score
Percentile by Number Answered
Your Score History
You have not taken this quiz